Circuits, devices and systems : (Record no. 188551)

000 -LEADER
fixed length control field 00834 a2200253 4500
003 - CONTROL NUMBER IDENTIFIER
control field Nust
005 - DATE AND TIME OF LATEST TRANSACTION
control field 20221027104517.0
020 ## - INTERNATIONAL STANDARD BOOK NUMBER
International Standard Book Number 0-471-55221-6 (International ed.)
020 ## - INTERNATIONAL STANDARD BOOK NUMBER
International Standard Book Number 997151172X
040 ## - CATALOGING SOURCE
Transcribing agency Nust
082 ## - DEWEY DECIMAL CLASSIFICATION NUMBER
Classification number 621.3,SMI
100 1# - MAIN ENTRY--PERSONAL NAME
Personal name Smith, Ralph Judson
9 (RLIN) 101469
245 00 - TITLE STATEMENT
Title Circuits, devices and systems :
Remainder of title a first course in electrical engineering /
Statement of responsibility, etc. Ralph J. Smith, Richard C. Dorf
250 ## - EDITION STATEMENT
Edition statement 5th. ed.
260 ## - PUBLICATION, DISTRIBUTION, ETC.
Place of publication, distribution, etc. New York :
Name of publisher, distributor, etc. Wiley,
Date of publication, distribution, etc. cop. 1992
300 ## - PHYSICAL DESCRIPTION
Extent xi, 868 p :
Other physical details ill.
505 ## - FORMATTED CONTENTS NOTE
Formatted contents note Part 1:- Circuits (Page-1), Part 2:- Electronics (Page-304), Part 3:- Electromechanics (Page-658),
650 #0 - SUBJECT ADDED ENTRY--TOPICAL TERM
Topical term or geographic name entry element Electric engineering
9 (RLIN) 41136
650 #0 - SUBJECT ADDED ENTRY--TOPICAL TERM
Topical term or geographic name entry element Electrical engineering
650 #0 - SUBJECT ADDED ENTRY--TOPICAL TERM
Topical term or geographic name entry element Elektroteknik
9 (RLIN) 101470
650 #0 - SUBJECT ADDED ENTRY--TOPICAL TERM
Topical term or geographic name entry element Elektroteknik
9 (RLIN) 101470
700 1# - ADDED ENTRY--PERSONAL NAME
Personal name Dorf, Richard C.
942 ## - ADDED ENTRY ELEMENTS (KOHA)
Source of classification or shelving scheme
Koha item type Book
Holdings
Withdrawn status Lost status Source of classification or shelving scheme Damaged status Not for loan Permanent Location Current Location Shelving location Date acquired Full call number Barcode Date last seen Price effective from Koha item type Public note
          Military College of Signals (MCS) Military College of Signals (MCS) General Stacks 12/12/2016 621.3,SMI MCS7343 12/08/2016 12/12/2016 Book Almirah No.28, Shelf No.4
© 2023 Central Library, National University of Sciences and Technology. All Rights Reserved.